Biện pháp quản lí công tác giáo dục pháp luật cho học sinh các trường trung học phổ thông vùng đồng bằng tỉnh Quảng Nam
Dựa trên cơ sở lí luận về quản lí GDPL, thực trạng tổ chức, thực hiện công tác GDPL cho học sinh các trường THPT tỉnh Quảng Nam, đề xuất một số biện pháp QLCTGDPL cho học sinh các trường THPT vùng đồng bằng tỉnh Quảng Nam..
Guardat en:
| Autor principal: | |
|---|---|
| Altres autors: | |
| Format: | Llibre |
| Idioma: | Vietnamese |
| Publicat: |
Đà Nẵng
Trường Đại học sư phạm Đà Nẵng
2017
|
| Matèries: | |
| Etiquetes: |
Afegir etiqueta
Sense etiquetes, Sigues el primer a etiquetar aquest registre!
|
| Thư viện lưu trữ: | Mạng thư viện Đại học Đà Nẵng |
|---|
| LEADER | 02020nam a2200361 4500 | ||
|---|---|---|---|
| 001 | 000025028 | ||
| 003 | 21519 | ||
| 005 | 20170419160454.0 | ||
| 008 | 170414s2017 viesd | ||
| 041 | |a vie | ||
| 082 | 1 | 4 | |a 373.0114 |b PH-H |
| 100 | 1 | |a Phan Văn Hùng | |
| 245 | 1 | |a Biện pháp quản lí công tác giáo dục pháp luật cho học sinh các trường trung học phổ thông vùng đồng bằng tỉnh Quảng Nam |c Phan Văn Hùng ; Nguyễn Thị Hoàng Anh hướng dẫn. |k Luận văn Thạc sĩ | |
| 246 | |a Biện pháp quản lý công tác giáo dục pháp luật cho học sinh các trường trung học phổ thông vùng đồng bằng tỉnh Quảng Nam | ||
| 260 | |a Đà Nẵng |b Trường Đại học sư phạm Đà Nẵng |c 2017 | ||
| 300 | |a 93 tr., phụ lục 12 tr. |c 29 cm. |e Tóm tắt | ||
| 500 | |a Luận văn thạc sĩ Giáo dục học. Chuyên ngành: Quản lý giáo dục. Mã số: 60.14.01.14 | ||
| 520 | 3 | |a Dựa trên cơ sở lí luận về quản lí GDPL, thực trạng tổ chức, thực hiện công tác GDPL cho học sinh các trường THPT tỉnh Quảng Nam, đề xuất một số biện pháp QLCTGDPL cho học sinh các trường THPT vùng đồng bằng tỉnh Quảng Nam.. | |
| 650 | 0 | 4 | |a Giáo dục trung học |v Luận văn tốt nghiệp |x Giáo dục pháp luật |z Quảng Nam |
| 653 | |a Quản lý giáo dục | ||
| 653 | |a Giáo dục trung học | ||
| 653 | |a Giáo dục pháp luật | ||
| 700 | 1 | |a Nguyễn Thị Hoàng Anh |c TS. |e Hướng dẫn | |
| OWN | |a LSP | ||
| AVA | |a UDN50 |b LSP |d 373.0114 PH-H |e available |t Error 5001 Not defined in file expand_doc_bib_avail. |f 1 |g 0 |h N |i 0 |k 1 | ||
| 999 | |a From the UDN01 | ||
| AVA | |a UDN50 |b LSP |d 373.0114 PH-H |e available |t Error 5001 Not defined in file expand_doc_bib_avail. |f 1 |g 0 |h N |i 0 |k 1 | ||
| TYP | |a Monograph | ||
| TYP | |a Printed language | ||
| 980 | |a Mạng thư viện Đại học Đà Nẵng | ||